000 01195nam a2200289 a 4500
001 000024197
005 20200930022811.0
008 110120s1988 cu r 000 |aspa d
040 _aDO-SdBNP
_bspa
_cBNPHU
041 1 7 _agem
_gspa
_2Código de idioma MARC
082 _a833.8
_bK68H
100 1 _aHesse, Hermann,
_d1877-1962
_93301
240 1 0 _aDas glasperlenspiel.
_lEspañol
245 1 3 _aEl juego de abalorios :
_bensayo de una biografía del magister Ludi Josef Knecht, juntamente con los escritores dejados por él /
_cHermann Hesse; prólogo de Ortrud Bimberg, traducido por Jorge A. Pomar; edición por Guillermo Wasmer Miguel.
260 _aLa Habana, (Cuba) :
_bArte y Literatura,
_c1988.
300 _a454 p. ;
_c23 cm.
490 1 _aBiblioteca de literatura universal
586 _aPremio nóbel de literatura 1946
534 _aTítulo del original en alemán :
_tDas glasperlenspiel
650 4 _aNovela alemana
_93302
650 4 _aLiteratura alemana
_93274
700 1 _aBimberg, Ortrud
_epról.
_949699
700 1 _aPomar, Jorge A.
_btr.
_949700
700 1 _aWasmer Miguel, Guillermo
_bed.
_949701
830 0 _aBiblioteca de literatura universal
_949702
049 _aBNGR
999 _c23691
_d23691